English language teaching in India (Record no. 7639)

MARC details
000 -LEADER
fixed length control field 00535cam a2200217ua 4500
001 - CONTROL NUMBER
control field 8544
005 - DATE AND TIME OF LATEST TRANSACTION
control field 20260515114340.0
008 - FIXED-LENGTH DATA ELEMENTS--GENERAL INFORMATION
fixed length control field 150205n ii |||gr||||Z||||||eng
020 ## - INTERNATIONAL STANDARD BOOK NUMBER
International Standard Book Number 8125022295
040 ## - CATALOGING SOURCE
Transcribing agency MAIN
041 ## - LANGUAGE CODE
Language code of text/sound track or separate title eng
082 ## - DEWEY DECIMAL CLASSIFICATION NUMBER
Classification number 420.954
100 ## - MAIN ENTRY--PERSONAL NAME
Personal name Kudchedkar, S.,
Relator term Editor.
245 1# - TITLE STATEMENT
Title English language teaching in India
Statement of responsibility, etc. Edited by S. Kudchedkar
250 ## - EDITION STATEMENT
Edition statement 1st.
260 ## - PUBLICATION, DISTRIBUTION, ETC.
Place of publication, distribution, etc. New delhi:
Name of publisher, distributor, etc. Orient,
Date of publication, distribution, etc. 2002.
300 ## - PHYSICAL DESCRIPTION
Extent 382p.
653 ## - INDEX TERM--UNCONTROLLED
Uncontrolled term English & Old English
653 ## - INDEX TERM--UNCONTROLLED
Uncontrolled term English language
942 ## - ADDED ENTRY ELEMENTS (KOHA)
Koha item type Books
Holdings
Withdrawn status Lost status Damaged status Not for loan Home library Current library Shelving location Date acquired Total checkouts Full call number Barcode Date last seen Date last checked out Copy number Price effective from Koha item type
        Naharkatiya College Library Naharkatiya College Library General stacks 09/19/2020 1 420.954 | ENG 5355 09/19/2022 08/20/2022 1 09/19/2020 Books